000 00211 a2200097 4500
001 28564
100 _aFazal-I-Husain
245 _aPhysical Chemistry
260 _a
_bIlmi Kitab Khana
_c
090 _c19129
_d19129
942 _aNUST-CAE
_cM
_c10146
999 _c263637
_d263637